Ethnic groups in Yugoslavia - Statistics

General Stats
  • This quiz has been taken 228 times
  • The average score is 7 of 9
Answer Stats
Hint Answer % Correct
36.3% Serbs
100%
19.7% Croats
98%
7.8% Slovenes
96%
7.7% Albanians
94%
6.0% Macedonians
91%
2.6% Montenegrins
79%
1.9% Hungarians
52%
8.9% Ethnic Muslims
49%
5.4% Yugoslavs
13%
No matching quizzes found
Score Distribution
Percent of People with Each Score
Percentile by Number Answered
Your Score History
You have not taken this quiz